Livie : Impératrice de Rome (notice n° 2035026)

détails MARC
000 -LEADER
fixed length control field 01384cam a2200133 4500500
005 - DATE AND TIME OF LATEST TRANSACTION
control field 20260405000231.0
041 ## - LANGUAGE CODE
Language code of text/sound track or separate title fre
042 ## - AUTHENTICATION CODE
Authentication code dc
100 10 - MAIN ENTRY--PERSONAL NAME
Personal name Cosme, Pierre
Relator term author
245 00 - TITLE STATEMENT
Title Livie : Impératrice de Rome
260 ## - PUBLICATION, DISTRIBUTION, ETC.
Name of publisher, distributor, etc. Presses Universitaires de France,<br/>
Date of publication, distribution, etc. 2025.<br/>
520 ## - SUMMARY, ETC.
Summary, etc. Livie est encore une figure méconnue de l’Antiquité. À côté de Messaline et d’Agrippine, elle semble faire un peu pâle figure. Pourtant, tous les empereurs qui se succèdent, de Tibère à Néron, sont ses descendants. Issue d’une des plus nobles lignées de la République romaine, elle divorce pour devenir l’épouse de celui qui allait devenir l’empereur Auguste. Présentée comme un coup de foudre, leur union sert les intérêts de l’héritier de César, qui gagne ainsi l’appui de familles illustres. Livie elle-même est-elle la parfaite épouse romaine, parée de toutes les vertus ou bien une intrigante ? C’est la complexité de ce personnage que Pierre Cosme se propose d’explorer, en restituant aussi le mode de vie, les goûts et les ambitions de celle qui allait détenir pour longtemps le pouvoir suprême, jusqu’à devenir la véritable impératrice de Rome. Un destin oublié de l’Histoire et la toute première biographie consacrée à Livie.
856 41 - ELECTRONIC LOCATION AND ACCESS
Uniform Resource Identifier <a href="https://shs.cairn.info/livie--9782130841937?lang=fr&redirect-ssocas=7080">https://shs.cairn.info/livie--9782130841937?lang=fr&redirect-ssocas=7080</a>

Pas d'exemplaire disponible.

PLUDOC

PLUDOC est la plateforme unique et centralisée de gestion des bibliothèques physiques et numériques de Guinée administré par le CEDUST. Elle est la plus grande base de données de ressources documentaires pour les Étudiants, Enseignants chercheurs et Chercheurs de Guinée.

Adresse

627 919 101/664 919 101

25 boulevard du commerce
Kaloum, Conakry, Guinée

Réseaux sociaux

Powered by Netsen Group @ 2025